000
00275nam a22001337a 4500
008
180926b xxu||||| |||| 00| 0 eng d
020
_a
9780030967573
041
_a
eng
080
_a
541
100
_a
12
101
_a
KIM
245
_a
Chemi8stry
_c
Reger
942
_2
udc
_c
BK
999
_c
48517
_d
48517